000 00297nam a22001337a 4500
008 170627b xxu||||| |||| 00| 0 eng d
020 _a9780536278326
041 _aeng
080 _a5
100 _a21
101 _aGHL
245 _aTHE NEW CENTURY HANDBOOK
_cHULT.CH.A
942 _2udc
_cBK
999 _c19171
_d19171